Photography exposed : The story behind the image

Bibliographic Details
Main Author: Parks, Gordon
Format: Book
Published: Malaysia : Time Life Books , 2005
Subjects:

MARC

LEADER 00000cam a2200000 7i4500
001 0000016940
005 20080505.0
008 080428
020 |a 1932994513 
090 0 0 |a 770   |b PAR 
100 1 |a Parks, Gordon 
245 1 0 |a Photography exposed :   |b The story behind the image   |c Gordon Parks 
260 |a Malaysia :   |b Time Life Books ,   |c 2005 
650 0 |a Photography   |x Techniques 
650 0 |a Photography   |x Theory & philosophy 
999 |a 0001014434   |b Book   |c Adult Collection   |e Perbadanan Perpustakaan Awam Johor 
999 |a 0001014435   |b Book   |c Adult Collection   |e Perbadanan Perpustakaan Awam Johor